Guess The Harry Potter Character- HARD! - Statistics

General Stats
  • This quiz has been taken 83 times
  • The average score is 10 of 15
Answer Stats
Hint Answer % Correct
Gets possessed by you-know-who, A year younger than Harry Ginny Weasley
90%
Illegal animagus, Ran away from home when they were 16 Sirius Black
79%
Applied for DADA job but never got it, Double agent Severus Snape
77%
Gets held hostage at Malfoy manor, Their mother died Luna Lovegood
74%
Tortures students, votes for Harry to be expelled Dolores Umbridge
68%
Helps harry in tri-wizard tournament (film), destroyed a horcrux Neville Longbottom
68%
Illegal Animagus, very nosey, Rita Skeeter
63%
Half werewolf, marries a foreigner Bill Weasley
61%
Got an owl in transfiguration and DADA, Rescues Harry from the Dursleys (book 2) Fred Weasley
61%
Part of the inquisitorial squad, married Blaise Zabini Pansy Parkinson
61%
Married a muggle, Death eater, Impersonates a dementor Draco Malfoy
58%
Rescued Harry from dursleys (book 5), Their patronus changed Tonks
55%
Helps Harry a lot, , bumblebee, his wand has thestral hair core Albus Dumbledore
52%
muggle father, Patronus= a fox Seamus Finnigan
50%
His wand has a dragon heartstring core, likes Hermione Viktor Krum
35%
No matching quizzes found
Score Distribution
Percent of People with Each Score
Percentile by Number Answered
Your Score History
You have not taken this quiz